000 00620nam a2200205Ia 4500
003 GCL
008 140319s9999 xx 000 0 ara d
040 _aGCL /
_cGCL
082 0 4 _a182
_bم ف
100 1 _aمحمد بيصار
245 1 0 _aالفلسفة اليونانية مقدمات ومذاهب /
_cمحمد بيصار
260 _a[S.N] :
_bدار الكتاب اللبنانى ،
_c1973
300 _a167 ص
490 _a
650 0 4 _aالفلسفة
650 0 4 _aالفلسفة اليونانية
650 0 4 _aالافلاطونية
650 0 4 _aالفلسفة الرواقية
942 _2ddc
_cBK
999 _c35932
_d35932